Jesús, maestros de apóstoles
Saved in:
| Hovedforfatter: | |
|---|---|
| Format: | Bog |
| Sprog: | spansk |
| Udgivet: |
Barcelona
Vilamala
1950
|
| Udgivelse: | 2a. ed |
| Fag: | |
| Tags: |
Tilføj Tag
Ingen Tags, Vær først til at tagge denne postø!
|
MARC
| LEADER | 00000cam a2200000 a 4500 | ||
|---|---|---|---|
| 001 | UCE9634 | ||
| 003 | CL-VaPUC | ||
| 008 | 151029e19500000sp |||||||||||||||||spa|d | ||
| 082 | 0 | 4 | |a 232 |b TAR |2 21 |
| 100 | 0 | |a Tarancón, Vicente Enrique |e author |9 582510 | |
| 245 | 1 | 0 | |a Jesús, maestros de apóstoles |
| 250 | |a 2a. ed | ||
| 300 | |a t | ||
| 942 | |c BK | ||
| 945 | |d 20151029 22:28:00 |a gsalatino | ||
| 260 | |a Barcelona |b Vilamala |c 1950 | ||
| 600 | 0 | |a Jesús |9 313614 | |
| 650 | 0 | |a Cristología |9 315091 | |
| 650 | 7 | |a SAGRADO CORAZON DE JESUS |2 CL-VaPUC |9 529784 | |
| 583 | |a last modification |c 20151029 22:28:00 |k Rodrigo Vera | ||
| 999 | |c 361279 |d 361277 | ||
| 952 | |0 0 |1 0 |3 erd |4 0 |6 232_000000000000000_TAR_1950 |7 0 |8 P |9 471701 |a BIBTEO |b BIBTES |c TEO_FTES |h t.2 |i 520738K |o 232 TAR 1950 |p 520738K |r 2024-01-18 |w 2019-11-24 |y BK |z Catalogado en:20151029 |k ICR | ||
| 952 | |0 0 |1 0 |3 erd |4 0 |6 232_000000000000000_TAR_1950 |7 0 |8 P |9 471702 |a BIBTEO |b BIBTES |c TEO_FTES |h t.3 |i 5207371 |o 232 TAR 1950 |p 5207371 |r 2024-01-18 |w 2019-11-24 |y BK |z Catalogado en:20151029 |k ICR | ||
| 952 | |0 0 |1 0 |3 erd |4 0 |6 232_000000000000000_TAR_1950 |7 0 |8 P |9 471703 |a BIBTEO |b BIBTES |c TEO_FTES |h t.4 |i 5207495 |o 232 TAR 1950 |p 5207495 |r 2024-01-18 |w 2019-11-24 |y BK |z Catalogado en:20151029 |k ICR | ||